| 000 | 01154nam a22003257a 4500 | ||
|---|---|---|---|
| 003 | CHAP | ||
| 005 | 20220329134008.0 | ||
| 008 | 971013s1984 r 00010 d | ||
| 010 | _a13791 | ||
| 011 | _a14763 | ||
| 035 | _a18837 | ||
| 040 | _cCHAP | ||
| 082 |
_a581.6 _bG6 |
||
| 100 | 0 | 0 |
_aGonzález de Cosío, Manuel. _948828 |
| 245 |
_aEspecies vegetales de importancia económica en México _b: contribución a su conocimiento |
||
| 260 |
_aMéxico, D.F. : _bPorrúa, _c1984 |
||
| 300 | _a305 p. | ||
| 590 |
_aBATCH-UPD _b10 _c20130110 _lUCH01 _h1041 |
||
| 590 |
_aBATCH-UPD _b10 _c20130410 _lUCH01 _h0641 |
||
| 590 |
_aBATCH-UPD _b10 _c20130914 _lUCH01 _h0728 |
||
| 590 |
_aCONVERSION _b10 _c20130109 _lUCH01 _h1309 |
||
| 650 | 1 | 4 |
_aBotánica económica. _914655 |
| 650 | 1 | 4 |
_aBotánica _zMéxico. _914641 |
| 901 | _aBK | ||
| 942 | _cLIBRO | ||
| 949 |
_a581.6 G6 _bBC _cC _d33724000669388 _eC _h63774 _i18837 _si _t1600.00 |
||
| 949 |
_a581.6 G6 _bBC _cC _d33724000792909 _eC _fc.3 _h63776 _i18837 _sb _t1600.00 |
||
| 949 |
_a581.6 G6 _bBC _cC _d33724000885679 _eC _fc.2 _h63775 _i18837 _si _t1600.00 |
||
| 949 |
_a581.6 G6 _bBC _cC _d33724002229652 _eC _fc.4 _h113987 _i18837 _sb |
||
| 999 |
_c13791 _d13791 |
||